De Jure Naturae Et Gentium.
Na minha lista:
| Autor principal: | |
|---|---|
| Outros Autores: | |
| Formato: | Livro |
| Publicado em: |
Frankfurt am Main, Deutschland:
Minerva G.M.B.H.,
1967.
|
| Assuntos: | |
| Tags: |
Adicionar Tag
Sem tags, seja o primeiro a adicionar uma tag!
|
MARC
| LEADER | 00000nam a22000007a 4500 | ||
|---|---|---|---|
| 003 | CL-VaPUC | ||
| 005 | 20220822114906.0 | ||
| 008 | 220812t1967 ||||| |||| 00| 0 eng d | ||
| 999 | |c 438310 |d 438308 | ||
| 040 | |c Pontificia Universidad Católica de Valparaíso | ||
| 082 | 7 | |a 340.112 PUF 1967 |2 22 | |
| 100 | |a Pufendorf, Samuel von |9 870470 |d 1632-1694 |e autor | ||
| 245 | |a De Jure Naturae Et Gentium. | ||
| 250 | |b Reimpresión Facsimilar 1759. | ||
| 260 | |a Frankfurt am Main, Deutschland: |b Minerva G.M.B.H., |c 1967. | ||
| 300 | |a 2 tomos. | ||
| 500 | |a t.I-II. c.1 Donación Familia Prof. Alejandro Guzmán Brito. | ||
| 583 | |c 20220812 |k Cristina María Rojas Aguilar | ||
| 650 | |a Derecho natural |9 255041 | ||
| 650 | |a Derecho internacional |9 255637 | ||
| 700 | |a Mascovius, G. |e editor |9 875496 | ||
| 942 | |2 ddc |c BK |n 0 | ||
| 952 | |0 0 |1 0 |2 ddc |4 0 |6 340_112000000000000_PUF_1967 |7 1 |8 C_AGB |9 586204 |a BIBDER |b BIBDER |d 2022-08-12 |e Donación |h t.I |i 5654162 |o 340.112 PUF 1967 |p 5654162 |r 2023-01-25 |t 1 |w 2022-08-12 |y BK_US |k AGB | ||
| 952 | |0 0 |1 0 |2 ddc |4 0 |6 340_112000000000000_PUF_1967 |7 1 |8 C_AGB |9 586205 |a BIBDER |b BIBDER |d 2022-08-12 |e Donación |h t.II |i 5654163 |o 340.112 PUF 1967 |p 5654163 |r 2023-01-25 |t 1 |w 2022-08-12 |y BK_US |k AGB | ||